Encuesta de consumo de energía en el sector residencial de Chile

Na minha lista:
Detalhes bibliográficos
Formato: Livro
Idioma:espanhol
Publicado em: Santiago Comisíon Nacional de Energía 1984
Assuntos:
Tags: Adicionar Tag
Sem tags, seja o primeiro a adicionar uma tag!

MARC

LEADER 00000nam a2200000 a 4500
001 UCW2149
003 CL-VaPUC
008 920402e19840000CL |||||||||||||||||spa|d
082 0 4 |a 333.790983  |b ENC  |2 21 
245 1 0 |a Encuesta de consumo de energía en el sector residencial de Chile 
300 |a 200 h 
942 |c BK 
945 |d 19920402 00:00:00 
260 |a Santiago  |b Comisíon Nacional de Energía  |c 1984 
650 7 |a CONSUMO DE ENERGIA ESTADISTICAS  |2 CL-VaPUC  |9 271831 
651 7 |a CHILE  |2 CL-VaPUC  |9 306103 
583 |a last modification  |c 19920402 00:00:00  |k Rodrigo Vera 
999 |c 216765  |d 216763 
952 |0 0  |1 0  |4 0  |6 333_790983000000000_ENC_1984  |7 0  |8 P  |9 202910  |a BIBMEC  |b BIBMEC  |d 2019-11-14  |i 2702185  |o 333.790983 ENC 1984  |p 2702185  |r 2019-11-14  |w 2019-11-14  |y BK  |k MEC